Cuerpos y almas

Gespeichert in:
Bibliographische Detailangaben
1. Verfasser: Meersch, Maxence van der (autor)
Format: Buch
Sprache:Spanisch
Veröffentlicht: Santiago Andrés Bello 1991
Ausgabe:1a. ed
Schlagworte:
Tags: Tag hinzufügen
Keine Tags, Fügen Sie den ersten Tag hinzu!

MARC

LEADER 00000cam a2200000 a 4500
001 UCE7380
003 CL-VaPUC
008 150605e19910000cl |||||||||||||||||spa|d
020 |a 9561309830 
082 0 4 |a 843  |b MEE  |2 21 
100 |a Meersch, Maxence van der  |e autor  |9 570602 
245 1 0 |a Cuerpos y almas 
250 |a 1a. ed 
300 |a 608 p 
942 |c BK 
945 |d 20150605 14:50:00  |a gsalatino 
260 |a Santiago  |b Andrés Bello  |c 1991 
650 0 |a Novela francesa  |9 264985 
650 0 |a Literatura francesa  |9 266330 
583 |a last modification  |c 20150605 14:50:00  |k Rodrigo Vera 
999 |c 359475  |d 359473 
952 |0 0  |1 0  |3 erb  |4 0  |6 843_000000000000000_MEE_1991  |7 0  |8 A  |9 468674  |a BIBEDU  |b BIBEDU  |e Villagrán Garnham, Jorge  |i 5176786  |o 843 MEE 1991  |p 5176786  |r 2019-11-23  |w 2019-11-23  |y BK  |z Catalogado en:20150605  |k LIT 
952 |0 0  |1 0  |3 erb  |4 0  |6 843_000000000000000_MEE_1991  |7 0  |8 A  |9 468675  |a BIBEDU  |b BIBEDU  |i 5336570  |o 843 MEE 1991  |p 5336570  |r 2019-11-23  |w 2019-11-23  |y BK  |z Catalogado en:20160807  |k EPE